| 000 | 01158cab a2200205 4500 | ||
|---|---|---|---|
| 001 | ABS36964 | ||
| 008 | 090401t1986 xxu||||| |||| 00| 0 eng d | ||
| 035 | _a(Sirsi) u1257 | ||
| 041 | _aeng | ||
| 100 | _aMarsden, P. | ||
| 245 | _aCareful tree planting pays dividends | ||
| 260 | _c1986 | ||
| 350 | _a0 | ||
| 490 |
_aCountryside Commission News _v(22) July/August 1986, 4-5 (2) |
||
| 520 | _aSince 1974, the Countryside Commission has spent about £10 million on some 30,000 amenity tree planting schemes . The Institute of Terrestial Ecology report on its Assessment of tree planting schemes, shows that the average rate of tree survival in these schemes was 77%. Results varied considerably from one year of planting to another and from region to region. A significant factor in survival was the degree of maintenance. Some 13% of schemes showed serious damage to trees, wind damage being the most common. D. Burdekin gives advice on tree-planting and aftercare based on latest research and useful publications are listed. 2 diagrams. 4 photos. | ||
| 650 | _aTREES | ||
| 690 | _aCONSERVATION AND THE ENVIRONMENT | ||
| 942 | _n0 | ||
| 948 | _c04/03/1997 | ||
| 999 |
_c687 _d687 |
||